01627 a2200205 45000010006000000050017000060080041000230030015000640400040000790800035001192450068001540200022002222500025002442640033002693000030003025050922003321000027012547000028012818560112013092559320260407155540.0260407a2007 arg spa dAR-UNSa-BCEJYS aAR-UNSa-BCEJYSbspacAR-UNSa-BCEJYS a347.72xSociedades comerciales10aDerecho societariopsociedades comerciales, civil y cooperativa a978-950-508-759-4 a2a. ed. act. y ampl. 1aBuenos Aires :bAstreac2007 a2v. (736; 435 p.)c23 cm. aParte I : Constitución, gestión y disolución : 1. Nociones previas - 2. El acto o negocio constitutivo societario - 3. Los socios y los terceros - 4. Gestión social - 5. Disolución del vínculo y de la relación social - Parte II : Tipología : 6. Sociedades de personas - 7. Sociedad de responsabilidad limitada - 8. Sociedad anónima - Tomo II: 9. Sociedad en comandita por acciones - 10. Sociedades con participación estatal - 11. Sociedades con objeto específico - 12. Sociedades cooperativas - Parte III : Organización societaria.diversas formas societarias y contractuales : 13. Concentración económica - 14. Contratos de colaboración - 15. Reorganización societaria - 16. Sociedades constituidas en el extranjero - Parte IV : Ineficiencia e irregularidad : 17. Régimen de nulidad.la ineficiencia societaria - 18. Sociedad no constituida regularmente - 19. Sociedad de formación.1 aRichard, Efraín Hugo1 aMuiño, Orlando Manuel41uhttps://biblioeco.unsa.edu.ar/pmb/images/libros/Dercho Societario (2007).jpgyImagen de portadaqimage/jpeg